00000000nam 2200000za 4500
0019.611247
003CaOODSP
00520200331070123
007ta
008150406|1995||||xxc|||||     f|0| 0 eng d
020 |a0-662-22260-1
040 |aCaOODSP|beng
043 |an-cn---
0861 |aA42-55/1994E
1101 |aCanada. |bAgriculture and Agri-Food Canada. |bResearch Branch.
24510|aLong-term climatic trends for agriculture at Brandon, Manitoba / |cby A. Bootsma et al.
260 |aOttawa : |bAgriculture and Agri-Food Canada, |c1995.
300 |a4p. : |bgraphs ; |c28 cm.
4901 |aCLBRR contribution.
563 |aPamphlet
69007|aAgriculture|2gcpds
69007|aClimate|2gcpds
7201 |aBootsma, A.
7760#|tLong-term climatic trends for agriculture at Brandon, Manitoba |w(CaOODSP)9.846651
830#0|aCLBRR contribution.|w(CaOODSP)9.514403
986 |aCLBRR Contribution No. 94-85